000
00262nam a2200109Ia 4500
008
190912s9999||||xx |||||||||||||| ||und||
100
_a
James t.Humphries
245
0
_a
Industrial Electronics
260
_a
New Delhi
_b
Delmar
_c
1998
300
_a
717
942
_c
BK
999
_c
7867
_d
7867